Tête du classement FIFA - Statistiques

Statistiques générales
  • Ce quiz a été pris 142 fois
  • Le résultat moyen est 7 sur 8
Statistiques - réponses
1ere place Récompense d'équipe de l'année Nation % Correct
2 1 🇫🇷France
100%
4 6 🇪🇸Espagne
99%
6 3 🇩🇪Allemagne
96%
5 4 🇦🇷Argentine
96%
10 13 🇧🇷Brésil
95%
4 0 🇮🇹Italie
94%
2 5 🇧🇪Belgique
83%
1 0 🇳🇱Pays-bas
72%
Aucun quiz correspondant
Distribution des résultats
% des personnes avec chaque résultat
Percentile par nombre de réponses
Votre historique - résultats
Vous n’avez pas pris ce quiz